[Event "San Francisco cat 4th"]
[Site "San Francisco"]
[Date "2000.05.06"]
[Round "1"]
[White "Rosmari, Bruno"]
[Black "Cattena, Mauricio"]
[Result "1-0"]
[WhiteElo "600"]
[BlackElo "550"]
[PlyCount "93"]
[EventDate "2000.05.06"]
[EventType "team"]
[EventRounds "7"]
[EventCountry "ARG"]
[SourceTitle "EXT 2005"]
[Source "ChessBase"]
[SourceDate "2004.11.15"]
[SourceVersion "1"]
[SourceVersionDate "2004.11.15"]
[SourceQuality "1"]

1. e4 e5 2. Nf3 Nc6 3. d4 f6 4. Nc3 Bb4 5. Bb5 Nge7 6. 0-0 d6 7. a3 Bxc3 8. bxc3 Bg4 9. dxe5 fxe5 10. Bg5 h6 11. Bh4 g5 12. Bg3 a6 13. Bc4 b5 14. Be2 Rf8 15. Ne1 Bxe2 16. Qxe2 d5 17. Qh5+ Rf7 18. Qxh6 Ng8 19. Qh8 Rf8 20. Bxe5 Nf6 21. Bxf6 Rxh8 22. Bxd8 Rxd8 23. f3 d4 24. f4 gxf4 25. Rxf4 dxc3 26. Nd3 Nd4 27. Rf2 c6 28. e5 Rd5 29. Re1 Ne6 30. Rf3 Ng5 31. Rf6 Ke7 32. Rxc6 Kd7 33. Rxc3 Rd4 34. Nc5+ Kc6 35. Ne6+ Kd5 36. Nxd4 Kxd4 37. Rd3+ Kc5 38. e6 Re8 39. e7 b4 40. axb4+ Kxb4 41. Rd8 Rxd8 42. exd8Q Nf7 43. Qf8+ Kc3 44. Qxf7 Kxc2 45. Qf3 Kd2 46. Re2+ Kd1 47. Qf1# 1-0